Études critiques sur la Bible (Record no. 160659)

MARC details
000 -LEADER
campo de control de longitud fija 00670nam a22001815i 4500
001 - NÚMERO DE CONTROL
campo de control 160659
003 - IDENTIFICADOR DE NÚMERO DE CONTROL
campo de control ES-MaACL
005 - FECHA Y HORA DE LA ÚLTIMA TRANSACCIÓN
campo de control 20250819000704.0
008 - DATOS DE LONGITUD FIJA--INFORMACIÓN GENERAL
campo de control de longitud fija 990517s1862 fr |||| | fre d
040 ## - FUENTE DE CATALOGACIÓN
Centro catalogador/agencia de origen CCPB | B
Lengua de catalogación spa
Centro/agencia transcriptor CCPB | B
100 1# - ENTRADA PRINCIPAL--NOMBRE DE PERSONA
Nombre de persona Nicolás, Michel,
Fechas asociadas al nombre 1810-1886
9 (RLIN) 130474
245 10 - MENCIÓN DEL TÍTULO
Título Études critiques sur la Bible
Resto del título : Ancien Testament /
Mención de responsabilidad, etc. Michel Nicolas.
260 ## - PUBLICACIÓN, DISTRIBUCIÓN, ETC.
Lugar de publicación, distribución, etc. Paris :
Nombre del editor, distribuidor, etc. Michel Lévy Frères,
Fecha de publicación, distribución, etc. 1862.
300 ## - DESCRIPCIÓN FÍSICA
Extensión VII, 442 p. ;
Dimensiones 22 cm.
630 04 - PUNTO DE ACCESO ADICIONAL DE MATERIA--TÍTULO UNIFORME
Título uniforme Biblia.
Nombre de parte o sección de la obra A. T.-
Subdivisión general Crítica e interpretación
9 (RLIN) 119250
852 ## - LOCALIZACIÓN
Ubicación ES-MaACL
Número de control de estantería G-7949
Nota libre -- Enc. hol.
Encuadernación -- Edic.: añadir en T260 (Imprimerie A. Wittersheim)
Holdings
Estatus retirado Estado de pérdida Estado de daño No para préstamo Colección Biblioteca de origen Biblioteca actual Ubicación en estantería Fecha de adquisición Fuente de adquisición Total de préstamos Signatura topográfica completa Código de barras Visto por última vez Precio de reemplazo Tipo de ítem Koha
        Libros del s. XIX Biblioteca del Ateneo de Madrid Biblioteca del Ateneo de Madrid Sala Pecera Planta 3 17/01/2008     G-7949 1168220 23/02/2023 23/02/2023 Libro impreso antiguo